Statistiken für Sachsen-Anhalt Kennzeichen

Klicken Sie hier um das Quiz zu spielen!

Allgemein

  • Dieses Quiz wurde 54 mal gespielt
  • Das Durchschnittsergebnis liegt bei 24 aus 42

Antwortstatistiken

HintAntwort% Korrekt
MDMagdeburg
98%
QLBQuedlinburg
98%
HALHalle
95%
DEDessau
88%
HBSHalberstadt
88%
KÖTKöthen
85%
MERMerseburg
83%
ASLAschersleben
80%
BTFBitterfeld
78%
SDLStendal
78%
Börde
75%
ZZZeitz
75%
QFTQuerfurt
73%
BBGBernburg
65%
EILEisleben
65%
JLJerichow
65%
WBWittenberg
65%
SGHSangerhausen
63%
HZHarz
60%
NMBNaumburg
60%
SAWSalzwedel
55%
OCOschersleben
53%
WRWernigerode
53%
BRGBurg
50%
ZEZerbst
50%
HETHettstedt
48%
WSFWeißenfels
48%
HDLHaldensleben
45%
SFTStaßfurt
43%
JEJessen
40%
KLZKlötze
40%
RSLRosslau
40%
WZLWanzleben
40%
GNTGenthin
38%
SBKSchönebeck
38%
GAGardelegen
35%
NEBNebra
33%
WMSWolmirstedt
33%
AZEAnhalt-Zerbst
25%
GHCGräfenhainichen
23%
OBGOsterburg
23%
HHMHohenmölsen
20%

Verteilung der Resultate

Perzentil nach korrekt beantworteten Fragen

Anzahl Personen mit jedem Resultat

Ihre Resultats-Entwicklung

Sie haben dieses Quiz noch nicht gespielt